000 01195nam a2200313 4500
001 109543
003 ES-MaACL
005 20230906184849.0
007 t|
008 061121s1947 pe f r ||||1| spa d
080 _a398.2(85)
245 0 0 _aMitos, leyendas y cuentos peruanos /
_cselección y notas de José María Arguedas y Francisco Izquierdo Ríos.
260 _aLima :
_bMinisterio de Educación Pública,
_c1947.
300 _a331 p. ;
_c22 cm (D-7432) ;.
300 _a331 p., [7] h. de lám. col. ;
_c22 cm.
490 1 _aColección escolar peruana ;
_v4
500 _aÍndices.
596 _aEn port.: Ediciones de la Dirección de Educación Artística y Extensión Cultural.
597 _aEl 1er. ejemp. descrito carece de las lám. citadas en el índice de la obra.
650 4 _aLeyendas-
_zPerú.
_915115
650 4 _aCuentos populares-
_zPerú.
_9143276
700 1 _aArguedas, José María.
_922708
700 1 _aIzquierdo Ríos, Francisco.
_965742
710 1 _aPerú.
_bMinisterio de Educación Pública.
_96214
830 0 _aColección escolar peruana ;
_v4
_9192218
852 _aES-MaACL
_jD-7432
852 _aES-MaACL
_jC-8751
999 _c109543
_d109543